000 00352nam a2200145Ia 4500
008 240624s9999 xx 000 0 und d
041 _aeng
082 _a658.4038 STA
100 _aRALPH STAIR
245 _aINFORMATION SYSTEMS
250 _a(10th ed.)
260 _c2012
_aNew Delhi
_bCengage Learnign India
300 _a704 : p.
365 _cRS
_b31
999 _c21207
_d21207